000 00512nam a2200181Ia 4500
001 9381
005 20260306161714.0
008 260306t2013||||xx |||||||||||||| ||spa||
041 _aESP
082 _a378.17
_bT77
100 _aTovar González, Rafael Manuel
_eAUT
245 0 _a332 estrategias para educar por competencias:
_bcómo aplicar las competencias en el aula para bachillerato
260 _c2013
300 _a176 páginas :
_c23 cm.
650 _aGEN
654 _aCED
942 _cLIB
_dJUS
_fJUS
_2ddc
_n
999 _c9381
_d9381